Balūcistān, shak̲h̲ṣiyāt ke āʼīnah men̲ / (Record no. 331140)
[ view plain ]
| 000 -LEADER | |
|---|---|
| fixed length control field | 01101cam a2200313 a 4500 |
| 001 - CONTROL NUMBER | |
| control field | 1667917 |
| 003 - CONTROL NUMBER IDENTIFIER | |
| control field | NUST |
| 005 - DATE AND TIME OF LATEST TRANSACTION | |
| control field | 20170919120157.0 |
| 008 - FIXED-LENGTH DATA ELEMENTS--GENERAL INFORMATION | |
| fixed length control field | 971009s1996 pk 000 0 urdo |
| 010 ## - LIBRARY OF CONGRESS CONTROL NUMBER | |
| LC control number | 97930054 |
| 020 ## - INTERNATIONAL STANDARD BOOK NUMBER | |
| International Standard Book Number | 9789695620809 |
| 025 ## - OVERSEAS ACQUISITION NUMBER | |
| Overseas acquisition number | P-U-97930054; 08 |
| 040 ## - CATALOGING SOURCE | |
| Original cataloging agency | DLC |
| Transcribing agency | DLC |
| Modifying agency | DLC |
| 042 ## - AUTHENTICATION CODE | |
| Authentication code | lcode |
| 043 ## - GEOGRAPHIC AREA CODE | |
| Geographic area code | a-pk--- |
| 050 00 - LIBRARY OF CONGRESS CALL NUMBER | |
| Classification number | DS392.B28 |
| Item number | B84 1996 |
| 082 ## - DEWEY DECIMAL CLASSIFICATION NUMBER | |
| Classification number | 954.915 |
| Author Mark | BUG |
| 100 1# - MAIN ENTRY--PERSONAL NAME | |
| Personal name | Bugtī, ʻAzīz Muḥammad, |
| Dates associated with a name | 1949- |
| 9 (RLIN) | 4553 |
| 245 10 - TITLE STATEMENT | |
| Title | Balūcistān, shak̲h̲ṣiyāt ke āʼīnah men̲ / |
| Statement of responsibility, etc. | ʻAzīz Muḥammad Bugtī. |
| 250 ## - EDITION STATEMENT | |
| Edition statement | [Rev. ed.] |
| 260 ## - PUBLICATION, DISTRIBUTION, ETC. | |
| Place of publication, distribution, etc. | Lāhore : |
| Name of publisher, distributor, etc. | Fikshan Hāʼūs, |
| Date of publication, distribution, etc. | 1996. |
| 300 ## - PHYSICAL DESCRIPTION | |
| Extent | 194 p. ; |
| Dimensions | 22 cm. |
| 520 ## - SUMMARY, ETC. | |
| Summary, etc. | Biographical sketches of eminent politicians of Baluchistan. |
| 546 ## - LANGUAGE NOTE | |
| Language note | In Urdu; foreword in English and Urdu. |
| 650 #0 - SUBJECT ADDED ENTRY--TOPICAL TERM | |
| Topical term or geographic name entry element | Politicians |
| Geographic subdivision | Pakistan |
| -- | Balochistān |
| General subdivision | Biography. |
| 9 (RLIN) | 4643 |
| 651 #0 - SUBJECT ADDED ENTRY--GEOGRAPHIC NAME | |
| Geographic name | Balochistān (Pakistan) |
| General subdivision | Politics and government. |
| 9 (RLIN) | 3937 |
| 880 ## - ALTERNATE GRAPHIC REPRESENTATION | |
| Linkage | 100-01\(3\r |
| Title | عزیز محمد بگٹی |
| 880 ## - ALTERNATE GRAPHIC REPRESENTATION | |
| Linkage | 245-02\(3\r |
| Title | بلوچستان: |
| b | شخصیات کے آئینہ میں |
| c | عزیز محمد بگٹی |
| 880 ## - ALTERNATE GRAPHIC REPRESENTATION | |
| Linkage | 260-03\(3\r |
| Title | لاہور: |
| b | فکشن ہاؤس، |
| c | 2010 |
| 906 ## - LOCAL DATA ELEMENT F, LDF (RLIN) | |
| a | 7 |
| b | cbc |
| c | origode |
| d | 3 |
| e | ncip |
| f | 19 |
| g | y-gencatlg |
| 942 ## - ADDED ENTRY ELEMENTS (KOHA) | |
| Source of classification or shelving scheme | |
| Koha item type | Book |
| Withdrawn status | Lost status | Source of classification or shelving scheme | Damaged status | Not for loan | Collection code | Permanent Location | Current Location | Shelving location | Date acquired | Total Checkouts | Full call number | Barcode | Date last seen | Copy number | Price effective from | Koha item type |
|---|---|---|---|---|---|---|---|---|---|---|---|---|---|---|---|---|
| Central Library (CL) | Central Library (CL) | Book Cart | 09/19/2017 | 954.915 BUG | CL2733 | 09/19/2017 | 1 | 09/19/2017 | Book |
